Arrapaho /
Furkejuvvon:
| Váldodahkki: | |
|---|---|
| Searvvušdahkki: | |
| Eará dahkkit: | , , , , , |
| Materiálatiipa: | Oahppočájánas |
| Giella: | itáliagiella |
| Almmustuhtton: |
Campi Bisenzio :
Cecchi Gori home video (distributore),
[2011]
|
| Fáddágilkorat: |
Eai fáddágilkorat, Lasit vuosttaš fáddágilkora!
|
MARC
| LEADER | 00000ngm a22000007i 4500 | ||
|---|---|---|---|
| 001 | IT\ICCU\CAG\0975575 | ||
| 003 | ItRI | ||
| 005 | 20260124182816.0 | ||
| 008 | 050803s2011 it |||||||||||||||k|||||c | ||
| 024 | 3 | 1 | |a 8009833274116 |
| 028 | 4 | 2 | |a PSV7014 |
| 040 | |b ita | ||
| 041 | 7 | |a ita |2 ISO-639-2 | |
| 130 | 0 | |a Arrapaho <film ; 1984> |3 IT\ICCU\PCM\0046890 | |
| 245 | 0 | 0 | |a Arrapaho / |c un film di Ciro Ippolito ; [sceneggiatura Ciro Ippolito, Silvano Ambrogi, Daniele Pace ; musiche Totò Savio ; fotografia Giuseppe Beardini]. |
| 260 | |a Campi Bisenzio : |b Cecchi Gori home video (distributore), |c [2011] | ||
| 300 | |a 1 DVD-Video (77 min) : |b color., sonoro ; |c 12 cm | ||
| 500 | |a Caratteristiche tecniche: regione 0; formato video: 1.85:1, anamorfico; Dolby digital 2.0 | ||
| 500 | |a Titolo del contenitore | ||
| 500 | |a Produzione cinematografica Italia 1984 | ||
| 500 | |a Lingua. italiano; sottotitoli in italiano per non udenti | ||
| 500 | |a Sul contenitore: versione integrale. | ||
| 500 | |a anche sceneggiatore |0 IT\ICCU\RAVV\094067 | ||
| 502 | |a Contenuti extra: menu interattivi, accesso diretto a 16 scene, commento di Ciro Ippolito, Marco Giusti e Francesco Alò, trailer, galleria fotografica | ||
| 511 | |a Interpreti principali: Urs Althaus, Squallor, Tinì Cansino | ||
| 700 | 1 | |a Pace, Daniele, |d (1935-1985) |0 IT\ICCU\DDSV\001159 |4 sce | |
| 700 | 1 | |a Althaus, Urs |0 IT\ICCU\DDSV\248106 |4 act | |
| 700 | 1 | |a Ambrogi, Silvano |0 IT\ICCU\RAVV\075246 |4 sce | |
| 700 | 1 | |a Ippolito, Ciro |0 IT\ICCU\RAVV\094067 |4 drt | |
| 700 | 1 | |a Berardini, Giuseppe |0 IT\ICCU\RAVV\470756 |4 pht | |
| 700 | 1 | |a Savio, Toto |0 IT\ICCU\UBOV\643654 |4 cmp | |
| 700 | 1 | |a Cansino, Tinì |0 IT\ICCU\UFEV\406222 |4 act | |
| 710 | 2 | |a Squallor (gruppo musicale) |0 IT\ICCU\DDSV\002781 |4 act | |
| 790 | 1 | |a Savio, Gaetano |3 IT\ICCU\SBNV\054197 |z Savio, Toto | |
| 942 | |2 ddc |c VM |n 0 | ||
| 952 | |0 0 |1 0 |4 0 |6 VO_2192_000000000000000 |7 0 |9 26654 |a BO |b BO |d 2026-01-24 |i 18110 |l 0 |o VO 2192 |p BO18110 |r 2026-01-24 18:28:16 |w 2026-01-24 |x [Sebina 5] [1 dvd] |y VM |z 1 dvd | ||
| 999 | |c 22544 |d 22544 | ||